000
00280nam a2200121Ia 4500
100
_a
Hall & Stevens
942
_c
BK
654
_a
Linkage Design
245
_a
Kinematics & Linkage Design
260
_b
Prentice Hall of India
_a
NewDelhi
_c
1964
300
_a
162
546
_a
ENGLISH
999
_c
24486
_d
24486